000 00639nam a22002052 4500
001 0000018458
005 20151217152128.0
008 091030s xx 000 0 eng d
020 _a1861241593 :
040 _aKABU
_cKABU
100 1 _aCowan, Neil.
_@0000177727
245 1 0 _aRisk management and supply chain vulnerability /
_cNeil Cowan.
250 _a1st ed.
260 _aStamford, England :
_bChartered Institute of Purchasing and Supply,
_c2006.
300 _axviii, 392 p.
650 0 _aBusiness logistics.
_@0000148287
852 1 _9p2500 KES
908 _a091030
950 _@1
999 _c8579
_d8579